000 01530cam a2200445Ii 4500
999 _c278
_d278
001 911798435
003 OCoLC
005 20190805094404.0
008 150625t20162016nyu 000 0 eng d
020 _a9781259584190
_q(paperback)
020 _a1259584194
_q(paperback)
035 _a(OCoLC)911798435
040 _aYDXCP
_beng
_erda
_cYDXCP
_dBTCTA
_dBDX
_dOCLCQ
_dZQP
_dOCLCO
_dWIM
_dOCLCO
_dOCLCF
_dOCLCO
_dNYP
041 0 _aeng
_aspa
049 _aNYPP
082 0 4 _a468.2 NIS
_223
091 _a468.2421
100 1 _aNissenberg, Gilda.
_eauthor
245 1 0 _aComplete Spanish grammar /
_cGilda Nissenberg.
250 _aPremium third edition.
264 1 _aNew York :
_bMcGraw-Hill,
_c[2016].
264 4 _c℗♭2016.
300 _axiii, 400 pages ;
_c28 cm.
336 _atext
_btxt
_2rdacontent.
337 _aunmediated
_bn
_2rdamedia.
338 _avolume
_bnc
_2rdacarrier.
490 1 _aPractice Makes Perfect.
520 _aPresents a collection of exercises and examples that cover all aspects of Spanish grammar.
650 0 _aSpanish language
_xGrammar.
650 0 _aSpanish language
_vTextbooks for foreign speakers
_xEnglish.
650 7 _aSpanish language.
_2fast
_0(OCoLC)fst01128292.
650 7 _aSpanish language
_xGrammar.
_2fast
_0(OCoLC)fst01128390.
655 7 _aTextbooks
_vfor English speakers.
_2fast
_0(OCoLC)fst01423865.
830 0 _aPractice makes perfect (McGraw-Hill Companies)
901 _aMARS
901 _aLIS
_bCATBL
942 _2ddc
_cNFIC
945 _a.b208527357
946 _am